| 000 | 00526nam a2200193Ia 4500 | ||
|---|---|---|---|
| 999 |
_c10531 _d10531 |
||
| 003 | OSt | ||
| 005 | 20191228105925.0 | ||
| 008 | 190216s9999||||xx |||||||||||||| ||und|| | ||
| 020 | _a3540780742 | ||
| 040 | _coclc | ||
| 082 |
_a330.015195 _bBAL/E |
||
| 100 |
_aBaltagi, Badi H _9877 |
||
| 245 | 0 |
_aEconometrics / _cBadi H Baltagi |
|
| 250 | _a2nd ed. | ||
| 260 |
_bSpringer, _c1999. _aHeidelberg: |
||
| 300 | _a396p | ||
| 650 | _aEconomics | ||
| 942 |
_cBK _2ddc _h330.015195 _iBAL/E _k330.015195 _mBAL/E |
||